<?xml version="1.0" encoding="UTF-8"?><?xml-stylesheet type="text/xsl" href="static/style.xsl"?><OAI-PMH xmlns="http://www.openarchives.org/OAI/2.0/" xmlns:xsi="http://www.w3.org/2001/XMLSchema-instance" xsi:schemaLocation="http://www.openarchives.org/OAI/2.0/ http://www.openarchives.org/OAI/2.0/OAI-PMH.xsd"><responseDate>2026-04-17T21:26:03Z</responseDate><request verb="GetRecord" identifier="oai:www.recercat.cat:10230/47397" metadataPrefix="marc">https://recercat.cat/oai/request</request><GetRecord><record><header><identifier>oai:recercat.cat:10230/47397</identifier><datestamp>2025-12-24T08:52:46Z</datestamp><setSpec>com_2072_6</setSpec><setSpec>col_2072_452952</setSpec></header><metadata><record xmlns="http://www.loc.gov/MARC21/slim" xmlns:dcterms="http://purl.org/dc/terms/" xmlns:xsi="http://www.w3.org/2001/XMLSchema-instance" xmlns:doc="http://www.lyncode.com/xoai" xsi:schemaLocation="http://www.loc.gov/MARC21/slim http://www.loc.gov/standards/marcxml/schema/MARC21slim.xsd">
   <leader>00925njm 22002777a 4500</leader>
   <datafield ind2=" " ind1=" " tag="042">
      <subfield code="a">dc</subfield>
   </datafield>
   <datafield ind2=" " ind1=" " tag="720">
      <subfield code="a">Salvadó-Romero, Alan</subfield>
      <subfield code="e">author</subfield>
   </datafield>
   <datafield ind2=" " ind1=" " tag="720">
      <subfield code="a">Oliva Rota, Mercè</subfield>
      <subfield code="e">author</subfield>
   </datafield>
   <datafield ind2=" " ind1=" " tag="720">
      <subfield code="a">Tedesco-Barlocco, Brunella</subfield>
      <subfield code="e">author</subfield>
   </datafield>
   <datafield ind2=" " ind1=" " tag="260">
      <subfield code="c">2021-05-12T08:37:56Z</subfield>
   </datafield>
   <datafield ind2=" " ind1=" " tag="260">
      <subfield code="c">2021-05-12T08:37:56Z</subfield>
   </datafield>
   <datafield ind2=" " ind1=" " tag="260">
      <subfield code="c">2021</subfield>
   </datafield>
   <datafield ind2=" " ind1=" " tag="520">
      <subfield code="a">In the last few years, affect has entered the field of politics through both the media and political actors themselves. This article is based on the hypothesis that the images of affect that illustrate contemporary political narratives in the media reflect different visual motifs which are linked to an iconographic tradition that began in the art world. Through the iconographic analysis of images published in the three newspapers in Spain with the largest general readership (El País, El Mundo, and La Vanguardia) from 2011 to 2017, this article identifies three visual motifs of affect: the handshake, the hug, and the kiss. The study of these motifs highlights the survival of certain forms of emotion that are easily recognisable and engage with a longstanding iconographic tradition. At the same time, the article inquiries into the meanings derived from these iconographies and their implications on the representation of politics and of political leaders. The proliferation of motifs of affect in politics then connects with both the mediatisation of politics and an affective turn, which invites us to re-examine the role of emotion in the contemporary public sphere.</subfield>
   </datafield>
   <datafield ind2=" " ind1=" " tag="520">
      <subfield code="a">This study was financed by the Ministry of Economy, Industry and Competitiveness as part of the research project “Los motivos visuales en la esfera pública. Producción y circulación de imágenes del poder en España, 2011-2017” (“Visual Motifs in the Public Sphere: Production and Circulation of Imagesof Power in Spain, 2011-2017”). Reference: CSO2017-88876-P).</subfield>
   </datafield>
   <datafield tag="653" ind2=" " ind1=" ">
      <subfield code="a">Iconography</subfield>
   </datafield>
   <datafield tag="653" ind2=" " ind1=" ">
      <subfield code="a">Political communication</subfield>
   </datafield>
   <datafield tag="653" ind2=" " ind1=" ">
      <subfield code="a">Gesture</subfield>
   </datafield>
   <datafield tag="653" ind2=" " ind1=" ">
      <subfield code="a">Affective turn</subfield>
   </datafield>
   <datafield tag="653" ind2=" " ind1=" ">
      <subfield code="a">Emotion</subfield>
   </datafield>
   <datafield tag="653" ind2=" " ind1=" ">
      <subfield code="a">Public sphere</subfield>
   </datafield>
   <datafield tag="653" ind2=" " ind1=" ">
      <subfield code="a">Visual motif</subfield>
   </datafield>
   <datafield ind2="0" ind1="0" tag="245">
      <subfield code="a">From the handshake to the kiss: Visual motifs of affect in representations of politics in the Spanish press</subfield>
   </datafield>
</record></metadata></record></GetRecord></OAI-PMH>